Gender-Neutral US Baby Names (2022) - Statistics

General Stats
  • This quiz has been taken 1,687 times
  • The average score is 15 of 82
Answer Stats
Name Births % Correct
N Noah 19,098
69%
T Taylor 1,809
48%
R Riley 6,475
47%
C Charlie 4,420
46%
Q Quinn 3,787
45%
J Jordan 4,499
44%
R Ryan 4,885
40%
P Parker 6,243
35%
A Avery 7,883
34%
C Cameron 5,541
34%
D Dylan 7,215
34%
L Logan 8,420
34%
J Jamie 841
32%
E Elliot 2,875
30%
E Elliott 2,875
30%
C Carter 6,875
29%
K Karter 2,037
29%
P Peyton 2,868
28%
B Blake 3,014
27%
R Rowan 4,876
26%
M Morgan 1,924
25%
R River 5,379
25%
E Ellis 1,507
24%
H Hayden 2,747
23%
H Hunter 3,927
22%
K Kai 5,699
22%
A Alexis 1,533
21%
R Robin 637
21%
A Angel 5,658
20%
E Emerson 2,975
20%
H Harley 1,216
20%
L London 1,286
20%
R Reese 2,148
20%
A Ari 1,736
19%
E Eden 3,155
19%
F Finley 2,571
19%
D Drew 896
18%
S Sawyer 4,147
18%
C Casey 1,285
17%
D Dakota 2,137
17%
D Dallas 1,800
17%
E Ezra 8,396
17%
R Remi 2,720
17%
R Remy 1,411
17%
E Emery 3,317
16%
E Emory 964
16%
R Rory 2,181
16%
S Skyler 973
16%
P Phoenix 2,355
15%
S Sage 2,811
15%
A August 3,722
12%
N Nova 6,152
12%
O Oakley 2,641
12%
T Tatum 2,202
11%
L Lennon 1,715
10%
R Reign 1,286
10%
L Layne 702
9%
L Lennox 1,900
9%
A Ariel 1,749
8%
L Leighton 1,141
8%
O Ocean 842
8%
R Remington 2,217
8%
R Rylan 1,122
8%
A Amari 3,158
7%
C Chandler 719
7%
S Shiloh 1,543
7%
D Denver 963
6%
J Justice 643
6%
M Milan 1,481
6%
R Royal 1,187
6%
S Sutton 1,928
6%
A Armani 1,496
4%
S Salem 1,087
4%
B Briar 924
3%
D Dior 745
3%
T Tru 710
3%
B Baylor 1,158
2%
B Bellamy 847
2%
K Kamari 1,191
2%
L Legacy 1,000
2%
M Murphy 709
2%
S Sevyn 792
2%
No matching quizzes found
Score Distribution
Percent of People with Each Score
Percentile by Number Answered
Your Score History
You have not taken this quiz